000 00644nam a2200229 i 4500
001 C2-0310215
003 PPAK
005 20180728101452.0
008 110612s1975 my a|||| ||||| | zxx d
040 _aPPAK
_beng
_cPPAK
_erda
082 0 4 _a959.5
_223
090 0 0 _a959.5
_bMAL
_dKMI
245 0 0 _aMalaysia in history
264 1 _aKuala Lumpur :
_bPersatuan Sejarah Malaysia ,
_c1975
300 _a45 pages :
_billustrations ;
_c23 cm
336 _2rdacontent
_atext
337 _2rdamedia
_aunmediated
338 _2rdacarrier
_avolume
500 _aVol. XVIII, No. 2, Disember 1975
650 1 0 _aMalaysia - History.
942 _ddc
_cB
999 _c112700
_d112700